25 Newest Countries - Statistics

General Stats
  • This quiz has been taken 56 times
  • The average score is 16 of 25
Answer Stats
Hint Answer % Correct
S South Sudan
100%
K Kosovo
82%
K Kazakhstan
71%
M Montenegro
71%
S Slovakia
71%
U Uzbekistan
69%
U Ukraine
67%
A Armenia
65%
K Kyrgyzstan
65%
S Slovenia
65%
T Tajikistan
65%
T Turkmenistan
65%
A Azerbaijan
63%
C Croatia
63%
E Estonia
63%
G Georgia
63%
B Bosnia and Herzegovina
61%
C Czech Republic
61%
L Latvia
61%
N North Macedonia
57%
M Moldova
55%
P Palau
53%
E Eritrea
51%
H Hungary
47%
G Germany
37%
No matching quizzes found
Score Distribution
Percent of People with Each Score
Percentile by Number Answered
Your Score History
You have not taken this quiz